Gaming Quiz

Random Gaming or Video Games Quiz
Score 0/13 Timer 03:00
3 Plays Today
% Correct
Human
92.1%
Dwarf
91.7%
Orc
91.1%
Goblin
89.5%
Undead
88.8%
Tauren
88.5%
Pandaren
88.1%
Worgen
86.2%
Night Elf
84.7%
Draenei
84.3%
Blood Elf
84.1%
Troll
83.9%
Gnome
83.1%
Come Together.
Have Fun.
All Virtual.
We all need to come together. Play Sporcle's virtual live trivia to have fun, connect with people, and get your trivia on. Join a live hosted trivia game for your favorite pub trivia experience done virtually. If a virtual private party is more your thing, go here for details.

You're not logged in!

Compare scores with friends on all Sporcle quizzes.
OR
Log In

Sporcle TV

Today on Sporcle TV


Watch our educational content, quiz creation guides, and fun videos on Sporcle TV.

Show Comments

Extras

Top Quizzes Today


Score Distribution

Paid Content

Your Account Isn't Verified!

In order to create a playlist on Sporcle, you need to verify the email address you used during registration. Go to your Sporcle Settings to finish the process.

Report this User

Report this user for behavior that violates our Community Guidelines.

Details: